000 00817nmm a2200265 a 4500
001 ocm0002146554
003 TR-IsHL
005 20201028183226.0
008 190326s2017 tu tur
007 cr cn
020 _a9786059542029
035 _a2146554
_b(N$T)
050 0 4 _aPL248.A73
_bB5 2017
090 0 4 _aPL248.A73
_bB5 2017
100 1 _aAsan, Gülhan
245 1 0 _aBir cevher
_h[electronic resource] /
_cGülhan Asan
260 _aİstanbul :
_bKavim Yayınları,
_c2017
300 _a128 p.
650 4 _aDil ve Edebiyat
650 4 _aLanguage and Literature
650 0 _aTürk denemeleri
650 0 _aTurkish essays
650 7 _aLITERARY COLLECTIONS / Middle Eastern
_2bisacsh
856 4 0 _uhttp://search.ebscohost.com/login.aspx?direct=true&scope=site&db=e011xww&AN=2146554
999 _c20437
_d20437